000 00485cam a22002051 4500
001 sa 63003732
003 DLC
005 20260227111944.0
008 820601q19601963xx 000 0 hino
010 _asa 63003732
035 _a(OCoLC)16762890
040 _aDLC
_cOrPS
_dDLC
042 _apremarc
050 0 0 _aPK2098.M23
_bE4
100 2 _aMadāriy-a, Manamohana.
245 1 0 _aEka vāsantī rāta.
260 _c[196-?]
300 _a103 p.
_c23 cm.
500 _aRomanized.
999 _c55258
_d55258